Statistics for Interstate 10 cities

Click here to take the quiz!

General Stats

  • This quiz has been taken 23 times
  • The average score is 11 of 14

Answer Stats

HintAnswer% Correct
caLos Angeles
96%
flJacksonville
91%
laNew Orleans
91%
arPhoenix
91%
txHouston
87%
txEl Paso
83%
flTallahassee
78%
laBaton Rouge
78%
txSan Antonio
78%
arTucson
78%
alMobile
74%
flPensacola
57%
msGulfport
48%
laLafayette
35%

Score Distribution

Percentile by Number Answered

Percent of People with Each Score

Your Score History

You have not taken this quiz